| 000 | 00850cam9a220026500 4500 | ||
|---|---|---|---|
| 001 | zam00001951 | ||
| 008 | 951128s1989 xx eng u | ||
| 035 | _a(Sirsi) r19331 | ||
| 035 | _a(MACHINE)SLC. | ||
| 100 |
_aMaunder, C. _6A7271.2 |
||
| 245 | 1 | 0 | _aGCSE physics. |
| 260 | _c1989. | ||
| 949 |
_aQC32 _wlcc _i33729001428015 _mMAIN _p2500 _tSHORTLOAN _lSHORTLOAN |
||
| 949 |
_aQC32 _wlcc _i33729001428072 _mMAIN _p2500 _tSHORTLOAN _lSHORTLOAN |
||
| 949 |
_aQC32 _wlcc _i33729001428130 _mMAIN _p2500 _tSHORTLOAN _lSHORTLOAN |
||
| 949 |
_aQC32 _wlcc _i-16868 _mMAIN _tBOOK _lON-SHELF |
||
| 004 | 19331 | ||
| 591 | _aClass code: ED 432. | ||
| 591 | _aCourse: Physics teaching methods. | ||
| 591 | _aSchool: S03. | ||
| 591 | _aLecturer: Mr. NKHATA/HAMBOKOMA. | ||
| 591 | _aNumber of Students: 9. | ||
| 900 |
_2MAIN _8QC32 _9MAU _c4 |
||
| 909 | _aBook | ||
| 999 |
_c8234 _d8234 |
||